<?xml version="1.0" encoding="UTF-8"?>
<collection xmlns="http://www.loc.gov/MARC21/slim">
 <record>
  <leader>03501nam a22006137a 4500</leader>
  <controlfield tag="001">000079529</controlfield>
  <controlfield tag="003">CZ-PrVSE</controlfield>
  <controlfield tag="005">20160118131931.0</controlfield>
  <controlfield tag="008">031212s1929    xr      r     000 0 cze d</controlfield>
  <datafield tag="015" ind1=" " ind2=" ">
   <subfield code="a">cnb000540916</subfield>
   <subfield code="z">cnb001830351</subfield>
  </datafield>
  <datafield tag="020" ind1=" " ind2=" ">
   <subfield code="q">(Brož.)</subfield>
  </datafield>
  <datafield tag="035" ind1=" " ind2=" ">
   <subfield code="a">(OCoLC)35998463</subfield>
  </datafield>
  <datafield tag="040" ind1=" " ind2=" ">
   <subfield code="a">ABA006</subfield>
   <subfield code="b">cze</subfield>
   <subfield code="c">ABA006</subfield>
   <subfield code="d">ABA006</subfield>
  </datafield>
  <datafield tag="072" ind1=" " ind2="7">
   <subfield code="a">339.5</subfield>
   <subfield code="x">Zahraniční obchod. Mezinárodní obchod</subfield>
   <subfield code="2">Konspekt</subfield>
   <subfield code="9">4</subfield>
  </datafield>
  <datafield tag="072" ind1=" " ind2="9">
   <subfield code="a">382</subfield>
   <subfield code="x">International commerce (foreign trade)</subfield>
   <subfield code="2">Conspectus</subfield>
   <subfield code="9">4</subfield>
  </datafield>
  <datafield tag="080" ind1=" " ind2=" ">
   <subfield code="a">339.54</subfield>
   <subfield code="2">MRF</subfield>
  </datafield>
  <datafield tag="080" ind1=" " ind2=" ">
   <subfield code="a">339.543</subfield>
   <subfield code="2">MRF</subfield>
  </datafield>
  <datafield tag="080" ind1=" " ind2=" ">
   <subfield code="a">338.2</subfield>
   <subfield code="2">MRF</subfield>
  </datafield>
  <datafield tag="080" ind1=" " ind2=" ">
   <subfield code="a">339.5</subfield>
   <subfield code="2">MRF</subfield>
  </datafield>
  <datafield tag="080" ind1=" " ind2=" ">
   <subfield code="a">(042.3)</subfield>
   <subfield code="2">MRF</subfield>
  </datafield>
  <datafield tag="099" ind1=" " ind2="9">
   <subfield code="a">339.5PAZ</subfield>
  </datafield>
  <datafield tag="100" ind1="1" ind2=" ">
   <subfield code="a">Pazourek, Josef,</subfield>
   <subfield code="d">1862-1933</subfield>
   <subfield code="7">jk01092209</subfield>
   <subfield code="4">aut</subfield>
  </datafield>
  <datafield tag="245" ind1="1" ind2="0">
   <subfield code="a">Nové proudy ve světové obchodní politice /</subfield>
   <subfield code="c">přednesl Josef Pazourek ve schůzi společnosti pořádané dne 21. ledna 1929 v Praze</subfield>
  </datafield>
  <datafield tag="260" ind1=" " ind2=" ">
   <subfield code="a">V Praze :</subfield>
   <subfield code="b">Česká národohospodářská společnost,</subfield>
   <subfield code="c">1929</subfield>
   <subfield code="f">(Prometheus)</subfield>
  </datafield>
  <datafield tag="300" ind1=" " ind2=" ">
   <subfield code="a">15 s.</subfield>
  </datafield>
  <datafield tag="490" ind1="1" ind2=" ">
   <subfield code="a">Sbírka přednášek pořádaných Českou národohospodářskou společností ;</subfield>
   <subfield code="v">1928-1929, IX</subfield>
  </datafield>
  <datafield tag="520" ind1="3" ind2=" ">
   <subfield code="a">Problémy mezinárodní obchodní politiky, obchodní smlouvy, celní unie</subfield>
  </datafield>
  <datafield tag="650" ind1="0" ind2="7">
   <subfield code="a">obchodní politika</subfield>
   <subfield code="7">ph123559</subfield>
   <subfield code="2">czenas</subfield>
  </datafield>
  <datafield tag="650" ind1="0" ind2="7">
   <subfield code="a">cla</subfield>
   <subfield code="7">ph114261</subfield>
   <subfield code="2">czenas</subfield>
  </datafield>
  <datafield tag="650" ind1="0" ind2="7">
   <subfield code="a">hospodářská politika</subfield>
   <subfield code="7">ph114701</subfield>
   <subfield code="2">czenas</subfield>
  </datafield>
  <datafield tag="650" ind1="0" ind2="7">
   <subfield code="a">mezinárodní obchod</subfield>
   <subfield code="7">ph115283</subfield>
   <subfield code="2">czenas</subfield>
  </datafield>
  <datafield tag="655" ind1=" " ind2="7">
   <subfield code="a">přednášky</subfield>
   <subfield code="7">fd133199</subfield>
   <subfield code="2">czenas</subfield>
  </datafield>
  <datafield tag="650" ind1="0" ind2="9">
   <subfield code="a">commercial policy</subfield>
   <subfield code="2">eczenas</subfield>
  </datafield>
  <datafield tag="650" ind1="0" ind2="9">
   <subfield code="a">tariff</subfield>
   <subfield code="2">eczenas</subfield>
  </datafield>
  <datafield tag="650" ind1="0" ind2="9">
   <subfield code="a">economic policy</subfield>
   <subfield code="2">eczenas</subfield>
  </datafield>
  <datafield tag="650" ind1="0" ind2="9">
   <subfield code="a">international trade</subfield>
   <subfield code="2">eczenas</subfield>
  </datafield>
  <datafield tag="655" ind1=" " ind2="9">
   <subfield code="a">lectures</subfield>
   <subfield code="2">eczenas</subfield>
  </datafield>
  <datafield tag="773" ind1="0" ind2=" ">
   <subfield code="i">Přívazek také k:</subfield>
   <subfield code="t">Obchodní attaché a konsulární korespondence</subfield>
   <subfield code="w">(CZ-PrVSE)000301713</subfield>
  </datafield>
  <datafield tag="830" ind1=" " ind2="0">
   <subfield code="a">Sbírka přednášek (Česká národohospodářská společnost)</subfield>
  </datafield>
  <datafield tag="856" ind1="4" ind2="1">
   <subfield code="u">https://knihovna.vse.cz/zlatyfond/html/zf0002.htm</subfield>
   <subfield code="y">Digitalizovaný dokument - Zlatý fond českého ekonomického myšlení</subfield>
  </datafield>
  <datafield tag="856" ind1="4" ind2="1">
   <subfield code="u">https://kramerius.vse.cz/search/handle/uuid:c4c77920-b184-11de-8a9e-0013d398622b</subfield>
   <subfield code="y">Digitalizovaný dokument</subfield>
  </datafield>
  <datafield tag="856" ind1="4" ind2="1">
   <subfield code="u">https://kramerius.vse.cz/search/handle/uuid:98b783c0-5c69-11e0-85b3-0013d398622b</subfield>
   <subfield code="y">Digitalizovaný dokument</subfield>
  </datafield>
  <datafield tag="956" ind1="4" ind2="1">
   <subfield code="u">http://kramerius.nkp.cz/kramerius/handle/ABA001/24347130</subfield>
   <subfield code="y">Digitalizovaný dokument</subfield>
  </datafield>
  <datafield tag="LKR" ind1=" " ind2=" ">
   <subfield code="a">ITM</subfield>
   <subfield code="b">131474</subfield>
   <subfield code="l">UEP50</subfield>
  </datafield>
  <datafield tag="LKR" ind1=" " ind2=" ">
   <subfield code="a">ITM</subfield>
   <subfield code="b">301713</subfield>
   <subfield code="l">UEP50</subfield>
  </datafield>
  <datafield tag="993" ind1=" " ind2=" ">
   <subfield code="a">000533721</subfield>
   <subfield code="x">NEDEDUPLIKOVAT</subfield>
   <subfield code="y">PROPOJENE</subfield>
  </datafield>
  <datafield tag="911" ind1=" " ind2=" ">
   <subfield code="a">ABA001</subfield>
   <subfield code="d">zdigitalizováno</subfield>
   <subfield code="u">http://kramerius5.nkp.cz/uuid/uuid:c4c77920-b184-11de-8a9e-0013d398622b</subfield>
  </datafield>
  <datafield tag="911" ind1=" " ind2=" ">
   <subfield code="a">ABA006</subfield>
   <subfield code="d">zdigitalizováno</subfield>
   <subfield code="u">https://kramerius.vse.cz/search/handle/uuid:c4c77920-b184-11de-8a9e-0013d398622b</subfield>
   <subfield code="u">https://kramerius.vse.cz/search/handle/uuid:98b783c0-5c69-11e0-85b3-0013d398622b</subfield>
  </datafield>
  <datafield tag="996" ind1=" " ind2=" ">
   <subfield code="1">PDPZ1</subfield>
   <subfield code="3">FP11601</subfield>
   <subfield code="4">N:G</subfield>
   <subfield code="5">3142374627</subfield>
   <subfield code="7">Svazek přednášek</subfield>
   <subfield code="8">20250429</subfield>
   <subfield code="9">338.4IBL</subfield>
   <subfield code="f">95</subfield>
   <subfield code="h">Svazek přednášek</subfield>
   <subfield code="l">UEP01</subfield>
   <subfield code="m">BOOK</subfield>
   <subfield code="q">Knihovna Žižkov depoz. 1</subfield>
   <subfield code="t">prezenční - lze objednat</subfield>
   <subfield code="u">UEP01</subfield>
   <subfield code="w">20250603</subfield>
  </datafield>
  <datafield tag="996" ind1=" " ind2=" ">
   <subfield code="1">PDPZ1</subfield>
   <subfield code="3">P3981</subfield>
   <subfield code="4">N:náhrada</subfield>
   <subfield code="5">3142285838</subfield>
   <subfield code="7">Svazek přednášek</subfield>
   <subfield code="8">20151124</subfield>
   <subfield code="9">339.5PAT</subfield>
   <subfield code="f">95</subfield>
   <subfield code="h">Svazek přednášek</subfield>
   <subfield code="l">UEP01</subfield>
   <subfield code="m">BOOK</subfield>
   <subfield code="q">Knihovna Žižkov depoz. 1</subfield>
   <subfield code="t">prezenční - lze objednat</subfield>
   <subfield code="u">UEP01</subfield>
   <subfield code="w">20160209</subfield>
  </datafield>
  <datafield tag="996" ind1=" " ind2=" ">
   <subfield code="1">PDPZ1</subfield>
   <subfield code="3">ZF220</subfield>
   <subfield code="4">N:G</subfield>
   <subfield code="5">3142226320</subfield>
   <subfield code="7">Svazek přednášek</subfield>
   <subfield code="8">20090203</subfield>
   <subfield code="9">338.4IBL</subfield>
   <subfield code="f">89</subfield>
   <subfield code="h">Svazek přednášek</subfield>
   <subfield code="l">UEP01</subfield>
   <subfield code="m">BOOK</subfield>
   <subfield code="q">Knihovna Žižkov depoz. 1</subfield>
   <subfield code="t">přísně prezenční</subfield>
   <subfield code="u">UEP01</subfield>
   <subfield code="w">20090212</subfield>
  </datafield>
  <datafield tag="996" ind1=" " ind2=" ">
   <subfield code="1">PDPZ1</subfield>
   <subfield code="3">ZF46</subfield>
   <subfield code="4">N:G</subfield>
   <subfield code="5">3142181806</subfield>
   <subfield code="8">20040826</subfield>
   <subfield code="9">339.5PAZ</subfield>
   <subfield code="f">89</subfield>
   <subfield code="l">UEP01</subfield>
   <subfield code="m">BOOK</subfield>
   <subfield code="q">Knihovna Žižkov depoz. 1</subfield>
   <subfield code="t">přísně prezenční</subfield>
   <subfield code="u">UEP01</subfield>
   <subfield code="w">20040826</subfield>
  </datafield>
 </record>
</collection>
